LEADER 01100nam0-2200313---450- 001 990008137890403321 005 20050629104202.0 010 $a3-428-11263-6 035 $a000813789 035 $aFED01000813789 035 $a(Aleph)000813789FED01 035 $a000813789 100 $a20050628d2004----km-y0itay50------ba 101 0 $ager 102 $aDE 105 $ay---m---001yy 200 1 $a<>neue Steuerungsmodell auf Bundes- und Länderebene sowie die Neuordnung der öffentlichen Finanzkontrolle in der Bundesrepublik Deutschland$fvon Sabine Dahm 210 $aBerlin$cDuncker und Humblot$dc2004 215 $a396 p.$d24 cm 225 1 $aSchriften zum öffentlichen Recht$v958 676 $a338.943$v21$zita 700 1$aDahm,$bSabine$0288802 801 0$aIT$bUNINA$gRICA$2UNIMARC 901 $aBK 912 $a990008137890403321 952 $aCOLLEZIONI 147 (958)$b48092*$fFGBC 959 $aFGBC 996 $aNeue Steuerungsmodell auf Bundes- und Länderebene sowie die Neuordnung der öffentlichen Finanzkontrolle in der Bundesrepublik Deutschland$9756616 997 $aUNINA LEADER 04036nam 2200721 450 001 9910824035903321 005 20230126214027.0 010 $a0-19-061296-7 035 $a(CKB)3710000000587447 035 $a(EBL)4413932 035 $a(SSID)ssj0001614863 035 $a(PQKBManifestationID)16340658 035 $a(PQKBTitleCode)TC0001614863 035 $a(PQKBWorkID)13153734 035 $a(PQKB)10068177 035 $a(MiAaPQ)EBC4413932 035 $a(Au-PeEL)EBL4413932 035 $a(CaPaEBR)ebr11215102 035 $a(CaONFJC)MIL895886 035 $a(OCoLC)957124830 035 $a(EXLCZ)993710000000587447 100 $a20160621h20152015 uy 0 101 0 $aeng 135 $aur|n|---||||| 181 $ctxt 182 $cc 183 $acr 200 14$aThe devil's long tail $ereligious and other radicals in the internet marketplace /$fDavid Stevens and Keiron O'Hara 210 1$aNew York, New York :$cOxford University Press,$d2015. 210 4$d©2015 215 $a1 online resource (316 p.) 300 $aIncludes index. 311 $a0-19-939624-8 327 $aCover; Half-title; Title; Copyright; Contents; Acknowledgements; Introduction; Structure and argument; Part I; 1. Religion and the Internet: Some Initial Concepts; Double-click on paradise; Thinking about religion; Thinking about the Internet and the Web; Religion and the Internet; 2. The Polarisation of Online Debate; Villagey globalism; Alone together with digital anomie; The echo chamber of positive feedback; Non-violent and violent engagement; 3. Interventionist Policy Strategies; CONTEST and Prevent; The online component of radicalisation; Problems with Prevent; Legitimacy 327 $aConclusion to Part IPart II; 4. Religion as a Marketplace; From fleeing the lynch mob to running for president; What good is religion?; The market for religious ideas; Religion, moderation and socialisation; The persistence of radicalism and the radicalism of persistence; The CSC and implications for policy; Taking the market model further; 5. The Supply Side: Framing and the Construction of the Centre Ground; Framing in action; A house built on shifting sand; Three examples; Online cognitive restructuring; 6. The Demand Side: The Club Model; Pascalian wagers for high stakes 327 $aThe development of preferencesFive types of religious commitment; 7. The Demand Side: The Motivations of Suicide Bombers; Taking it to the extreme; Suicide Bombing; Specific to Islam?; Constituency costs of violence; The lure of violence; Conclusion to Part II; Part III; 8. The Long Tail; The long-tail thesis; Fitting the model; The democratisation of the forces of distribution; The Devil's long tail?; 9. Echo Chambers and Long Tails: A Critical Examination; How long was that tail again?; Echo chambers revisited; The networked individual; Changing minds; Conclusion; 10. The Hardest Thing 327 $aWhat not to doWhat to do; Conclusion: saving cyberspace; Notes; Index 606 $aExtremist Web sites 606 $aRadicalism$xComputer network resources 606 $aReligious fanaticism$xComputer network resources 606 $aInternet$xReligious aspects 606 $aInternet$xSocial aspects 606 $aInternet$xPolitical aspects 606 $aInternet$xAccess control 606 $aFreedom of information 615 0$aExtremist Web sites. 615 0$aRadicalism$xComputer network resources. 615 0$aReligious fanaticism$xComputer network resources. 615 0$aInternet$xReligious aspects. 615 0$aInternet$xSocial aspects. 615 0$aInternet$xPolitical aspects. 615 0$aInternet$xAccess control. 615 0$aFreedom of information. 676 $a303.5 700 $aStevens$b David$c(Lecturer in political theory),$0165618 702 $aO'Hara$b Keiron 801 0$bMiAaPQ 801 1$bMiAaPQ 801 2$bMiAaPQ 906 $aBOOK 912 $a9910824035903321 996 $aThe devil's long tail$94016200 997 $aUNINA